Tom and Keri. 2 (Запись № 10216238)

Подробности
000 -МАРКЕР
контрольное поле 01295nam2a2200253 i 4500
001 - ИДЕНТИФИКАТОР ЗАПИСИ
контрольное поле RU\NLR\BIBL_A\010521588
005 - ИДЕНТИФИКАТОР ВЕРСИИ
контрольное поле 20240728200111.0
010 ## - МЕЖДУНАРОДНЫЙ СТАНДАРТНЫЙ НОМЕР КНИГИ (ISBN)
Номер (ISBN) 9785906730251
021 ## - НОМЕР ГОСУДАРСТВЕННОЙ РЕГИСТРАЦИИ
Код страны российская федерация
Номер 2016-25232
Номер Листа государственной регистраци 1611
021 ## - НОМЕР ГОСУДАРСТВЕННОЙ РЕГИСТРАЦИИ
Код страны российская федерация
Номер 2014-62809
Номер Листа государственной регистраци 3819
035 ## - ДРУГИЕ СИСТЕМНЫЕ НОМЕРА
Идентификатор записи (NLR Aleph) 010521588
100 ## - ДАННЫЕ ОБЩЕЙ ОБРАБОТКИ
Данные общей обработки 20141031d2014 um y0rusy50 ca
101 0# - ЯЗЫК РЕСУРСА
Язык текста, звукозаписи и т.д. английский
-- русский
102 ## - СТРАНА ПУБЛИКАЦИИ ИЛИ ПРОИЗВОДСТВА
Страна публикации российская федерация
105 ## - ПОЛЕ КОДИРОВАННЫХ ДАННЫХ: ТЕКСТОВЫЕ МАТЕРИАЛЫ, МОНОГРАФИЧЕСКИЕ
Кодированные данные о монографическом текстовом документе ac||z|||000zy
200 0# - ЗАГЛАВИЕ И СВЕДЕНИЯ ОБ ОТВЕТСТВЕННОСТИ
Основное заглавие 2
Сведения, относящиеся к заглавию [серии 9-14]
210 ## - ПУБЛИКАЦИЯ, РАСПРОСТРАНЕНИЕ И ДР.
Дата издания, распространения и т.д. 2014
215 ## - ФИЗИЧЕСКАЯ ХАРАКТЕРИСТИКА
Специфическое обозначение материала и объем 77, [3] с.
Другие сведения о физической характеристике цв. ил., портр.
Сопроводительный материал Прил. Перевод сборника рассказов (15 сбр. с.)
-- 1 электрон. опт. диск (DVD-ROM)
461 #0 - УРОВЕНЬ НАБОРА
Встроенное поле 001RU\NLR\BIBL_A\010801599
-- 2000#$aTom and Keri$eсборник рассказов$e[пособие для изучения английского языка детьми 3-6 лет]$fКлэр Селби$v2
-- 700#1$aСелби$bК.$gКлэр
Системный номер (АБИС) связанной записи 10163243
Автор Селби, К.
Место публикации Москва
Дата публикации 2014
Первые сведения об ответственности Клэр Селби
Имя издателя, распространителя и т.д. Билингва
Сведения, относящиеся к заглавию сборник рассказов : [пособие для изучения английского языка детьми 3-6 лет]
Заглавие Tom and Keri
ISBN 9785906730145
Номер тома 2
942 ## - ДОПОЛНИТЕЛЬНЫЕ ЭЛЕМЕНТЫ ЗАПИСИ (АБИС)
Тип экземпляра АБИС Книга
980 ## - КОЛЛЕКЦИЯ
Название коллекции НБР

Нет доступных экземпляров.